000 01880nam a22002297a 4500
999 _c56962
_d56962
003 Ge_BSU
005 20190910120924.0
008 190910b xxu||||| |||| 00| 0 geo d
041 _ageo
080 _a37.035(042.4) ს-23
245 _aსამოქალაქო განვითარება და დემოკრატია საქართველოში : გამოწვევები და განვითარების გზები = Civic Education and democracy in Georgia-the challenges and ways of development :
_bსაკითხავი მასალა სალექციო კურსისათვის /
_cრედ : გვანცა ბურდული ; სამეცნ. რედ : შორენა მაღლაკელიძე ; დავით მალაზონია ; სოფიკო ლობჟანიძე.
264 _aთბილისი,
_b2018.
300 _a211 გვ:.
_c28 სმ.
653 _aსამოქალაქო განვითარება და დემოკრატია საქართველოში :გამოწვევები და განვითარების გზები
653 _aპედაგოგიკა
653 _aკურიკულუმის რეფორმა
700 _aბურდული, გვანცა
_eრედაქტორი
_92413
700 _aმაღლაკელიძე,შორენა
_eსამეცნიერო რედაქტორი
_93942
700 _aმალაზონია, დავით
_eსამეცნიერო რედაქტორი
_93943
700 _aლობჟანიძე, სოფიკო
_eსამეცნიერო რედაქტორი
_93944
942 _2udc
_cBK